| 000 | 00756nam a2200265Ia 4500 | ||
|---|---|---|---|
| 001 | dia_3044 | ||
| 003 | CHAP | ||
| 005 | 20230508105252.0 | ||
| 008 | 220117s1992 xx 000 0 und d | ||
| 010 | _a173548 | ||
| 020 | _a968-484-070-5 | ||
| 040 | _cCHAP | ||
| 082 | _a920 A3 1992 | ||
| 100 |
_aAguilar Solis, José Angel _92859 |
||
| 245 |
_aUn Hombre en la Historia: Salvador Sánchez Colín / _c por José Angel Solis |
||
| 250 | _a2 | ||
| 260 |
_aToluca, México : _b Instituto Mexiquense de Cultura, _c1992 |
||
| 300 | _a207 p. | ||
| 503 | _aC/e | ||
| 650 |
_a1.Agrónomos _xbiografía _9153942 |
||
| 901 | _a920 A3 1992 | ||
| 902 | _aM | ||
| 905 | _a0000001992 MX D 0000000000SPA00 | ||
| 942 |
_cLIBRO _2ddc |
||
| 999 |
_c173548 _d173548 |
||